000 00792nam a2200205 a 4500
001 BRCA_1379
005 20190320203412.0
008 940913s2008----mx-######b---s000-0#spa-#
041 _aspa
044 _amx
050 4 _aN910.M43
_b.M87 2008
245 1 0 _aMemoria del Museo Nacional de San Carlos
_b40 aniversario.
260 _aMéxico
_bCONACULTA : INBA : Patronato del Museo de San Carlos
_c2008
300 _a[197] p.
_bil. (algunas a color)
_c29 cm.
500 _aIncluye índice de exposiciones temporales del MNSC e índice de anexos de adjudicar y donar
500 _aEjemplar con hojas repetidas p. 65-80 y hojas faltantes p. 153-168
610 2 4 _aMuseo Nacional de San Carlos (Ciudad de México)
_xMemorias
_94512
650 1 4 _aGalerías y museos
_zMéxico
_94513
942 _2lcc
_cB
999 _c1241
_d1241